| 000 | 01286cam a22003134a 4500 | ||
|---|---|---|---|
| 001 | 13964031 | ||
| 005 | 20201128020714.0 | ||
| 008 | 050513s2005 nyu b 001 0 eng | ||
| 010 | _a 2005049757 | ||
| 020 | _a9780333977026 | ||
| 040 |
_aDLC _cDLC _dDLC |
||
| 042 | _apcc | ||
| 050 | 0 | 0 |
_aJZ1318 _b.S36 2005 |
| 082 | 0 | 0 |
_a303.409051 _222 _bSCH |
| 100 | 1 |
_aScholte, Jan Aart. _92819 |
|
| 245 | 1 | 0 |
_aGlobalization : _ba critical introduction / _cJan Aart Scholte. |
| 250 |
_a2nd ed. _bRevised and updated. |
||
| 260 |
_aNew York : _bPalgrave Macmillan, _cc.2005. |
||
| 300 |
_axxv, 492 p. ; _c24 cm. |
||
| 500 | _aIncludes Index. | ||
| 504 | _aIncludes bibliographical references (p. 426-476) and index. | ||
| 650 | 0 |
_aGlobalization. _92820 |
|
| 650 | 0 |
_aInternational relations. _92821 |
|
| 856 | 4 | 2 |
_3Contributor biographical information _uhttp://www.loc.gov/catdir/enhancements/fy0625/2005049757-b.html |
| 856 | 4 | 2 |
_3Publisher description _uhttp://www.loc.gov/catdir/enhancements/fy0625/2005049757-d.html |
| 856 | 4 | 1 |
_3Table of contents only _uhttp://www.loc.gov/catdir/enhancements/fy0625/2005049757-t.html |
| 942 |
_2ddc _cNB |
||
| 999 |
_c11122 _d11122 |
||